000
00257 a2200121 4500
001
58724
082
_a
669.9 AVN
090
_c
36045
_d
36045
100
_a
Avner, S. H.
245
_a
Introduction to physical metallurgy, 2/e
250
_a
2
256
_a
2
942
_a
NUST-CAE
_k
669.9 AVN
999
_c
293797
_d
293797